01001 2200313 4500001002100000005001500021035002000036007000300056008004100059020002200100082001400122084001600136100004400152245011800196250003300314300003900347650001700386700003100403504003300434264004600467336002100513337003000534338002300564040002200587090002200609850001200631999002200643990002200665INLIS00000000087152520220803015607 a0010-0822000130ta220803s2022 yoia g | ind d a978-623-244-783-704223a658.4 a658.4 KIM s0 aKim MinjeongePengarangqDanar Wiliarta10a101 seni memimpin :bmenjadi pemimpin yang disukai tanpa perlu ngegas /cKim Minjeong; penyunting, Arif Ishartadi aCetakan Pertama: Maret, 2022 axi, 244 halaman :bgambar ;c20 cm 4aKepemimpinan0 aArif IshartadiePenyunting aBibliografi: halaman 237-24031aYogyakarta :bAnak Hebat Indonesia,c2022 2rdacontentateks 2rdamediaatanpa perantara 2rdacarrieravolume aYOPDYOGbinderda aCB-D.11 2022-0446 aYOPDYOG aCB-D.11/2022-0446 aCB-D.11/2022-0446